Riešené príklady z predmetu Štatistika - intervaly spoľahlivosti 3 (príklad Projekt)
Guardado en:
| Autor principal: | |
|---|---|
| Autor Corporativo: | |
| Formato: | Libro |
| Lenguaje: | eslovaco |
| Publicado: |
[Košice]
[s.n.]
[2013]
|
| Materias: | |
| Etiquetas: |
Sin Etiquetas, Sea el primero en etiquetar este registro!
|
MARC
| LEADER | 00000nam a2200000 4500 | ||
|---|---|---|---|
| 001 | 0185162 | ||
| 005 | 20240502073155.7 | ||
| 041 | 0 | |a slo | |
| 044 | |a SK | ||
| 245 | 1 | 0 | |a Riešené príklady z predmetu Štatistika - intervaly spoľahlivosti 3 (príklad Projekt) |c Matej Hudák |
| 264 | 1 | |a [Košice] |b [s.n.] |c [2013] | |
| 300 | |a [3 s.] | ||
| 610 | 2 | 0 | |a štatistika |
| 610 | 2 | 0 | |a štatistika matematická |
| 100 | 1 | |a Hudák, Matej, 1984- | |
| 710 | 2 | |a Podnikovohospodárska fakulta EU so sídlom v Košiciach. Katedra kvantitatívnych metód | |